| 000 | 00621nam a2200193 a 4500 | ||
|---|---|---|---|
| 001 | 000042615 | ||
| 005 | 20201002040256.0 | ||
| 008 | 140131s1984 mx r 000 0 spa d | ||
| 020 | _a9682704766 | ||
| 040 |
_aDO-SdBNP _bspa _cBNPHU |
||
| 082 |
_axxxx _bxxxx |
||
| 100 | 1 |
_aMortiz, Joaquín _969869 |
|
| 245 | 1 | 0 |
_aAmérica Latina : _bDesventuras de la democracia / _cJoaquín Mortiz; prólogo Enrique Krauze. |
| 260 |
_aMéxico : _bPlaneta, _c1984. |
||
| 300 |
_a348 p. : _b21 cm. |
||
| 504 | _aIncluye notas y referencias bibliográficas | ||
| 590 | _aInventariado, 2019/BT | ||
| 700 | 1 |
_aKrauze, Enrique, _epról. _969482 |
|
| 999 |
_c42104 _d42104 |
||